| Tag |
First Indicator |
Second Indicator |
Subfields |
| LEADER |
00000cam a2200000Ii 4500 |
| 001 |
in00001403053 |
| 005 |
20200330162749.0 |
| 008 |
871103s1957 txuab s000 0 eng d |
| 035 |
|
|
|a (OCoLC)ocm16935064
|
| 040 |
|
|
|a TWT
|b eng
|e rda
|c TWT
|d OCLCG
|d OCLCQ
|d OCLCF
|d OCLCO
|d OCLCQ
|d TXA
|
| 035 |
|
|
|a (OCoLC)16935064
|
| 086 |
|
|
|a Z TA245.7 M861 no. 248
|2 txdocs
|
| 090 |
|
|
|a S117
|b .E295 no. 248
|
| 049 |
|
|
|a TXAM
|
| 100 |
1 |
|
|a Hammond, Leigh H.
|q (Leigh Hugh),
|d 1929-
|
| 245 |
1 |
0 |
|a Potential markets for West Texas vegetables /
|c Leigh H. Hammond and H.B. Sorensen.
|
| 264 |
|
1 |
|a College Station, Texas :
|b Texas Agricultural Experiment Station,
|c 1957.
|
| 300 |
|
|
|a 11 pages :
|b illustrations, maps ;
|c 28 cm.
|
| 336 |
|
|
|a text
|b txt
|2 rdacontent
|
| 337 |
|
|
|a unmediated
|b n
|2 rdamedia
|
| 338 |
|
|
|a volume
|b nc
|2 rdacarrier
|
| 490 |
1 |
|
|a Miscellaneous publication / Texas Agricultural Experiment Station ;
|v 248
|
| 500 |
|
|
|a Cover title.
|
| 500 |
|
|
|a "December 1957."
|
| 650 |
|
0 |
|a Vegetables
|x Marketing.
|
| 650 |
|
7 |
|a Vegetables
|x Marketing.
|2 fast
|0 (OCoLC)fst01164821
|
| 650 |
|
3 |
|a vegetable crops
|
| 700 |
1 |
|
|a Sorensen, H. B.
|q (Harold B.),
|e author.
|
| 830 |
|
0 |
|a Miscellaneous publication (College Station, Tex.) ;
|v no. 238.
|
| 856 |
4 |
1 |
|z Available online via OAK Trust Repository
|u https://oaktrust.library.tamu.edu/handle/1969.1/160651
|t 0
|
| 994 |
|
|
|a C0
|b TXA
|
| 948 |
|
|
|a cataloged
|b h
|c 2020/3/30
|d c
|e zliu
|f 4:27:38 pm
|
| 999 |
f |
f |
|s 0a0e2625-8cdb-3ab0-aafd-83fdff66377e
|i aa1d313f-af9a-311b-860e-e31eacf64388
|t 0
|
| 952 |
f |
f |
|p normal
|a Texas A&M University
|b College Station
|c Sterling C. Evans Library
|d Evans: Texas Documents (Annex 5th floor)
|t 0
|e Z TA245.7 M681 no.236-285
|h Superintendent of Documents classification
|i unmediated -- volume
|k no.236-285
|l 1957:Oct-1958:June
|m A14816097070
|
| 952 |
f |
f |
|a Texas A&M University
|b College Station
|c Sterling C. Evans Library
|d Evans: Texas Documents (Annex 5th floor)
|t 0
|e Z TA245.7 M681 no.236-285
|h Superintendent of Documents classification
|
| 998 |
f |
f |
|a Z TA245.7 M681 no.236-285
|s 236-246,248-250,254-257,259,260,262,264,266-274,276,277,279-283,285
|t 0
|l Evans: Texas Documents (Annex 5th floor)
|